| LEADER | 02636nam a2200493 i 4500 | ||
|---|---|---|---|
| 001 | 312478 | ||
| 003 | CZ PrSKC | ||
| 005 | 20260601215723.0 | ||
| 007 | ta | ||
| 008 | 240816s2024 xr b g 000 f cze | ||
| 015 | |a cnb003626995 | ||
| 020 | |a 9788076019980 |q (vázáno) : |c Kč 499,00 | ||
| 035 | |a (OCoLC)1468021504 | ||
| 040 | |a ABG001 |b cze |d ABA001 |e rda | ||
| 041 | 1 | |a cze |h eng | |
| 072 | 7 | |a 821.111-3 |x Anglická próza, anglicky psaná |2 Konspekt | |
| 080 | |a 821.111(415)-31 |2 MRF | ||
| 080 | |a (0:82-311.6) |2 MRF | ||
| 100 | 1 | |a Kane, Ben, |d 1970- |7 xx0191520 |4 aut | |
| 240 | 1 | 0 | |a Clouds of war. |l Česky |
| 245 | 1 | 0 | |a Hannibal. |p Válečná mračna / |c Ben Kane ; z anglického originálu Hannibal - Clouds of war ... přeložila Jaroslava Hromadová |
| 246 | 3 | 0 | |a Válečná mračna |
| 250 | |a Vydání první | ||
| 264 | 1 | |a V Praze : |b Vyšehrad, |c 2024 | |
| 300 | |a 378 stran : |b mapy ; |c 21 cm | ||
| 336 | |a text |b txt |2 rdacontent | ||
| 337 | |a bez média |b n |2 rdamedia | ||
| 338 | |a svazek |b nc |2 rdacarrier | ||
| 500 | |a Terminologický slovník | ||
| 520 | 2 | |a Závěrečný díl románové trilogie o největším bojovníkovi starověku. |b Syrakusy, rok 213 před Kristem. Město pod nemilosrdným sicilským sluncem je ve válečném stavu. Za hradbami čeká početná římská armáda. Zkušený voják Quintus je připraven položit za Republiku svůj život. Na straně Syrakus proti němu stojí i jeho dávný přítel, Kartáginec Hanno, kterého vyslal Hannibal. Hanno přísahal smrt všem Římanům, ve městě však narazí na zajatou Quintovu sestru Aurelii. Dva přátelé proti sobě. Mezi nimi žena. Schyluje se k jednomu z nejbrutálnějších obléhání všech dob. Kdo přežije? Nakladatelská anotace. | |
| 546 | |a Český text | ||
| 655 | 7 | |a irské romány (anglicky) |7 fd132475 |2 czenas | |
| 655 | 7 | |a historické romány |7 fd132414 |2 czenas | |
| 655 | 9 | |a Irish fiction (English) |2 eczenas | |
| 655 | 9 | |a historical novels |2 eczenas | |
| 700 | 1 | |a Hromadová, Jaroslava |7 jn20020717084 |4 trl | |
| 765 | 1 | |t Hannibal | |
| 787 | 0 | 8 | |i Z cyklu: |t Hannibal |g 3 |
| 900 | |a ABA001 |b 20 | ||
| 928 | 9 | |a Albatros Media - Vyšehrad | |
| 044 | |a xr | ||
| 910 | |a RBIT002 | ||
| 998 | |d 409926 |a https://core.palmknihy.cz/api/books/409926/cover?si2wsg |b https://core.palmknihy.cz/api/books/409926/cover/400?si2wsg |c https://core.palmknihy.cz/api/books/409926/cover/50?si2wsg |e 2028-07-20 |g 384 |i 9788076019980 |j https://core.palmknihy.cz/api/books/409926/preview.epub |k https://core.palmknihy.cz/api/books/409926/preview.pdf |l |q 49 |r 1 |s https://www.palmknihy.cz/kniha/409926 |t ebook |y 2024 |z 0 |v Hannibal |w 3 | ||
| 999 | |d 312476 | ||